| 000 | 00385nam a2200133 a 4500 | ||
|---|---|---|---|
| 005 | 20140412111338.0 | ||
| 008 | 031007s19uu xx 00 eng d | ||
| 050 |
_aER _bPi58 2002 |
||
| 245 | _aPied piper of Hamelin (The) (Chinese). | ||
| 260 |
_aMalaysia : _bKohwai & Young, _c2002. |
||
| 300 | _a1 v. (unp.) ; ill. | ||
| 650 | _aChildren stories--Chinese (Mandarin) | ||
| 999 |
_c105068 _d105068 |
||